000 00428nam a2200181Ia 4500
001 23050
005 20260414150911.0
008 260414t2016||||xx |||||||||||||| ||spa||
041 _aESP
082 _a624.18
_bK468
100 _aKottas, Dimitris
_eAUT
245 0 _aMateriales para la construcción
_b
260 _c2016
300 _a244 páginas :
_c29 cm.
650 _a0
654 _aCIC
942 _cLIB
_dJUS
_fJUS
_2ddc
_n
999 _c23050
_d23050